Régions de France en une minute - Statistiques

Statistiques générales
  • Ce quiz a été pris 279 fois
  • Le résultat moyen est 13 sur 18
Réponses sur la Carte
Les réponses sont colorées sur une échelle allant du rouge au vert en fonction du pourcentage des utilisateurs qui les ont devinées à leur premier essai. Vous pouvez retrouver ces pourcentages ci-dessous.
 
Statistiques - réponses
Région % Correct
Bretagne
97%
Normandie
92%
Île-de-France
89%
Hauts-de-France
83%
Grand Est
81%
Occitanie
81%
Corse
79%
Provence-Alpes-Côte d'Azur
78%
Auvergne-Rhône-Alpes
76%
Centre-Val de Loire
76%
Nouvelle Aquitaine
76%
Pays de la Loire
76%
Bourgogne-Franche-Comté
71%
La Réunion
63%
Guadeloupe
61%
Martinique
60%
Guyane
54%
Mayotte
54%
Aucun quiz correspondant
Distribution des résultats
% des personnes avec chaque résultat
Percentile par nombre de réponses
Votre historique - résultats
Vous n’avez pas pris ce quiz